000
00267nam a22001217a 4500
008
171124b xxu||||| |||| 00| 0 eng d
041
_a
eng
080
_a
721
100
_a
41
101
_a
NDE
245
_a
PLYWOOD DESIGN & CONSTRUCTION DATA
_c
APA
942
_2
udc
_c
BK
999
_c
38458
_d
38458